[Rezension von: Grzybek, Erhard, Thronanspruch und Thronbehauptung]
Saved in:
| Published in: | Sehepunkte 18(2018), 7/8 |
|---|---|
| Main Author: | |
| Other Authors: | |
| Document Type: | Online Resource Article |
| Language: | German |
| Published: |
2018
|
| Subjects: | |
| Online Access: | kostenfrei |
| Related Items: | Enthalten in:
Sehepunkte Rezension von: Thronanspruch und Thronbehauptung |
| Author Notes: | Stefan Pfeiffer |
| LEADER | 01713caa a2200337 c 4500 | ||
|---|---|---|---|
| 001 | 1880458985 | ||
| 003 | DE-627 | ||
| 005 | 20250717174925.0 | ||
| 007 | cr uuu---uuuuu | ||
| 008 | 240209s2018 xx |||||oo 00| ||ger c | ||
| 035 | |a (DE-627)1880458985 | ||
| 035 | |a (DE-599)KXP1880458985 | ||
| 040 | |a DE-627 |b ger |c DE-627 |e rda | ||
| 041 | |a ger | ||
| 100 | 1 | |a Pfeiffer, Stefan |d 1974- |e VerfasserIn |0 (DE-588)139296476 |0 (DE-627)609821806 |0 (DE-576)311101615 |4 aut | |
| 245 | 1 | 0 | |a [Rezension von: Grzybek, Erhard, Thronanspruch und Thronbehauptung] |c Stefan Pfeiffer |
| 264 | 1 | |c 2018 | |
| 336 | |a Text |b txt |2 rdacontent | ||
| 337 | |a Computermedien |b c |2 rdamedia | ||
| 338 | |a Online-Ressource |b cr |2 rdacarrier | ||
| 540 | |q DE-3 |a Urheberrechtsschutz 1.0 |2 rs |u http://rightsstatements.org/vocab/InC/1.0/ | ||
| 655 | 7 | |a Rezension |0 (DE-588)4049712-4 |0 (DE-627)106186019 |0 (DE-576)209083166 |2 gnd-content | |
| 700 | 1 | |a Grzybek, Erhard |d 1939-2016 |e VerfasserIn des Bezugswerks |0 (DE-588)1067338594 |0 (DE-627)818638478 |0 (DE-576)426573781 |4 ant | |
| 773 | 0 | 8 | |i Enthalten in |t Sehepunkte |d München : Ludwig-Maximilians-Univ., 2001 |g 18(2018), 7/8 |h Online-Ressource |w (DE-627)33678273X |w (DE-600)2062440-2 |w (DE-576)117978736 |x 1618-6168 |7 nnas |
| 773 | 1 | 8 | |g volume:18 |g year:2018 |g number:7/8 |
| 787 | 0 | 8 | |i Rezension von |a Grzybek, Erhard, 1939 - 2016 |t Thronanspruch und Thronbehauptung |d Wiesbaden : Reichert Verlag, 2017 |h 176 Seiten |w (DE-627)1013970764 |w (DE-576)501762191 |z 9783954902637 |
| 856 | 4 | 0 | |u https://www.sehepunkte.de/2018/07/31822.html |x Verlag |z kostenfrei |7 0 |
| 951 | |a AR | ||
| 994 | |u https://www.sehepunkte.de/2018/07/31822.html | ||
| 991 | |a Rezension (Monographie, Zeitschrift, Aufsatz) | ||
| 999 | |a KXP-PPN1880458985 |e 4978809681 | ||


